|
|
|
|
| LEADER |
00616nam a22001817a 4500 |
| 005 |
20151026130208.0 |
| 008 |
090914t xxu||||| |||| 00| 0 eng d |
| 080 |
|
|
|a 541.64
|b KHE
|
| 100 |
|
|
|a Khemani, Krishan C.
|9 4177
|
| 245 |
|
|
|a Polymeric Foams:
|b Science and Technology
|
| 490 |
|
|
|v vii,239p.
|
| 653 |
|
|
|a Plastic Foams - Congresses
|
| 942 |
|
|
|c BK
|6 _
|
| 260 |
|
|
|a Washington
|b DC: American Chemical Society
|c 1997
|9 4178
|
| 500 |
|
|
|a (ACS Symposium series; 669)
|
| 020 |
|
|
|a 0-8412-3516-3
|
| 999 |
|
|
|c 1899
|d 1899
|
| 952 |
|
|
|0 0
|1 0
|2 udc
|4 0
|6 54164_KHE
|7 0
|9 9559
|a UL
|b UL
|d 2009-09-14
|o 541.64 KHE
|p 00045394
|r 2009-09-14
|w 2009-09-14
|y BV
|